[Event "DVM U10 2016"]
[Site "Magdeburg GER"]
[Date "2016.12.28"]
[Round "5"]
[White "Stammen, York Magnus"]
[Black "Weber, Willi"]
[Result "1/2-1/2"]
[Termination "normal"]
[Board "18.3"]
[WhiteElo "864"]
[BlackElo "924"]
[WhiteTeam "Schachakademie Paderborn 2"]
[BlackTeam "Schachzwerge Magdeburg 1"]
[PlyCount "89"]
[WhiteFideId "16295471"]
[EventCountry "GER"]
[EventRounds "7"]
[EventType "team-swiss"]
[EventDate "2016.12.27"]

1. d4 d5 2. Bf4 Nc6 3. Nf3 Nf6 4. e3 e6 5. Bd3 Bd7 6. Qe2 Bd6 7. Bxd6 cxd6 8.
Nbd2 e5 9. h3 O-O 10. O-O Re8 11. Bb5 exd4 12. Nb3 a6 13. Bxc6 Bxc6 14. Nbxd4
Bd7 15. Rfe1 Qc7 16. Qd3 h6 17. c3 Re7 18. Nf5 Bxf5 19. Qxf5 Rae8 20. Qd3 b5
21. a4 bxa4 22. Qxa6 Qa7 23. Qxd6 Rd7 24. Qb4 Rb7 25. Qa3 Rb3 26. Qxa4 Qxa4 27.
Rxa4 Rxb2 28. c4 dxc4 29. Rxc4 g5 30. Rc6 Kg7 31. Nd4 Kg6 32. e4 Rd2 33. e5
Rxd4 34. Rxf6+ Kg7 35. Rf3 h5 36. Rfe3 g4 37. Re4 Rxe4 38. Rxe4 gxh3 39. gxh3
Kg6 40. Kg2 f6 41. Kg3 fxe5 42. Kh4 Re6 43. f3 Kh6 44. f4 Kg6 45. Rxe5 1/2-1/2

[Event "DVM U10 2016"]
[Site "Magdeburg GER"]
[Date "2016.12.28"]
[Round "5"]
[White "Grey, Anna"]
[Black "Langer, Paul Georg"]
[Result "0-1"]
[Termination "normal"]
[Board "19.1"]
[WhiteElo "929"]
[BlackElo "1246"]
[WhiteTeam "ESV Lok Falkenberg"]
[BlackTeam "SG Blau-Weiß Stadtilm"]
[PlyCount "96"]
[WhiteFideId "16226917"]
[BlackFideId "16230051"]
[EventCountry "GER"]
[EventRounds "7"]
[EventType "team-swiss"]
[EventDate "2016.12.27"]

1. c4 c5 2. Nc3 Nc6 3. e3 g6 4. a3 Bg7 5. Nf3 Nf6 6. Be2 d6 7. d4 O-O 8. O-O
Bf5 9. d5 Nb8 10. b4 Nbd7 11. Bb2 Ne8 12. Rb1 Bxb1 13. Qxb1 f5 14. Ng5 Nc7 15.
Nb5 Nxb5 16. Bxg7 Nc7 17. Bxf8 Qxf8 18. e4 Qf6 19. Qc1 h6 20. Nf3 Kh7 21. exf5
Qxf5 22. Qb1 Qxb1 23. Rxb1 cxb4 24. axb4 Kg7 25. Bd3 Na6 26. Nh4 Ne5 27. Be2
Rf8 28. h3 Rf4 29. b5 Nc5 30. Nf3 Nxf3+ 31. gxf3 Kf6 32. Kg2 Rd4 33. Rc1 Rd2
34. Re1 a6 35. Kf1 a5 36. Ra1 b6 37. Ra3 Rb2 38. Ra1 a4 39. Bd1 Rb4 40. Kg2
Rxc4 41. Kf1 Ke5 42. Ke2 Kd4 43. Kd2 Rb4 44. Kc2 Kc4 45. Be2+ Kd4 46. Rd1+ Ke5
47. Ra1 Rb3 48. Bd1 Rxb5 0-1

[Event "DVM U10 2016"]
[Site "Magdeburg GER"]
[Date "2016.12.28"]
[Round "5"]
[White "Rapp, Leonard"]
[Black "Frenkel, Nico"]
[Result "1-0"]
[Termination "normal"]
[Board "19.2"]
[WhiteElo "1479"]
[BlackElo "1028"]
[WhiteTeam "SG Blau-Weiß Stadtilm"]
[BlackTeam "ESV Lok Falkenberg"]
[PlyCount "59"]
[WhiteFideId "16212428"]
[BlackFideId "16226950"]
[EventCountry "GER"]
[EventRounds "7"]
[EventType "team-swiss"]
[EventDate "2016.12.27"]

1. e4 e5 2. Nf3 Nc6 3. d4 exd4 4. Nxd4 d5 5. Nxc6 bxc6 6. Nc3 Be6 7. Be3 Nf6 8.
f3 a5 9. exd5 cxd5 10. Bb5+ Bd7 11. Bxd7+ Qxd7 12. Qd2 Bd6 13. O-O-O Rb8 14.
Nxd5 Nxd5 15. Qxd5 Rb5 16. Qa8+ Qd8 17. Qc6+ Qd7 18. Qc3 Qe6 19. b3 Ba3+ 20.
Kb1 O-O 21. Bc1 Rc5 22. Qd2 Rd5 23. Qxd5 Qxd5 24. Rxd5 Bd6 25. a4 Re8 26. Rd2
Bb4 27. Rd3 h6 28. Bd2 Bxd2 29. Rxd2 g6 30. Rhd1 1-0

[Event "DVM U10 2016"]
[Site "Magdeburg GER"]
[Date "2016.12.28"]
[Round "5"]
[White "Thoß, Lea-Michelle"]
[Black "Staude, Quentin"]
[Result "0-1"]
[Termination "normal"]
[Board "19.3"]
[WhiteElo "818"]
[BlackElo "957"]
[WhiteTeam "ESV Lok Falkenberg"]
[BlackTeam "SG Blau-Weiß Stadtilm"]
[PlyCount "52"]
[EventCountry "GER"]
[EventRounds "7"]
[EventType "team-swiss"]
[EventDate "2016.12.27"]

1. Nf3 Nc6 2. Nc3 Nf6 3. e4 e5 4. d4 exd4 5. Nxd4 Bc5 6. Nf5 O-O 7. Bf4 d6 8.
Bd3 Re8 9. Qd2 Bxf5 10. O-O Bxe4 11. Nxe4 Nxe4 12. Bxe4 Rxe4 13. Rfe1 Re8 14.
Qd3 Qf6 15. Qg3 Re6 16. Rxe6 Qxe6 17. h3 Nd4 18. Kh1 Ne2 19. Qf3 Nxf4 20. Qxf4
Re8 21. Qa4 a6 22. Qb3 Qc8 23. Qc3 h6 24. Rd1 Qf5 25. Rd3 Qxf2 26. Rf3 Qg1# 0-1

[Event "DVM U10 2016"]
[Site "Magdeburg GER"]
[Date "2016.12.28"]
[Round "5"]
[White "Witt, Niclas"]
[Black "Do Minh, Philip"]
[Result "1-0"]
[Termination "normal"]
[Board "19.4"]
[WhiteElo "735"]
[BlackElo "600"]
[WhiteTeam "SG Blau-Weiß Stadtilm"]
[BlackTeam "ESV Lok Falkenberg"]
[PlyCount "73"]
[EventCountry "GER"]
[EventRounds "7"]
[EventType "team-swiss"]
[EventDate "2016.12.27"]

1. e4 e5 2. Nf3 Nc6 3. Nc3 Bc5 4. Bc4 Nf6 5. d3 h6 6. Be3 Bxe3 7. fxe3 d6 8.
Qe2 Qe7 9. h3 Be6 10. Bxe6 Qxe6 11. a3 a6 12. Qf2 Qe7 13. Qe2 Nd7 14. Nd5 Qd8
15. O-O O-O 16. Rab1 Nf6 17. Nc3 b6 18. b4 a5 19. bxa5 Nxa5 20. a4 Nb7 21. Qf2
Qe8 22. Nd5 Nxd5 23. exd5 Rxa4 24. Ra1 Rxa1 25. Rxa1 Nc5 26. Ra3 Na4 27. Qd2
Nc5 28. Nh4 Nd7 29. Qf2 Nf6 30. Qg3 Qd7 31. e4 Re8 32. Nf5 g6 33. Nxh6+ Kf8 34.
Nf5 b5 35. Qh4 Qc8 36. Qh8+ Ng8 37. Qg7# 1-0

[Event "DVM U10 2016"]
[Site "Magdeburg GER"]
[Date "2016.12.28"]
[Round "5"]
[White "Guo, Philipp Ziming"]
[Black "Schuster, Pascal"]
[Result "1-0"]
[Termination "normal"]
[Board "20.1"]
[WhiteElo "906"]
[BlackElo "1061"]
[WhiteTeam "TuRa Harksheide Norderstedt"]
[BlackTeam "SG Königskinder Hohentübingen"]
[PlyCount "73"]
[WhiteFideId "16245199"]
[EventCountry "GER"]
[EventRounds "7"]
[EventType "team-swiss"]
[EventDate "2016.12.27"]

1. e4 c5 2. Nf3 a6 3. d4 cxd4 4. Nxd4 e6 5. Nc3 Qc7 6. Bd3 Bc5 7. Be3 Bxd4 8.
Bxd4 Nc6 9. Be3 Nge7 10. O-O Ng6 11. Qd2 Nge5 12. Bf4 O-O 13. Qe3 Qd8 14. Qg3
d6 15. Rad1 Qe8 16. Rd2 f6 17. b3 Nd4 18. Bc4 Nxc4 19. bxc4 e5 20. Bh6 Ne6 21.
Nd5 Qd7 22. Nb6 Qc6 23. Nxa8 Rf7 24. Re1 Nd4 25. c3 Ne6 26. Be3 Qxe4 27. Nb6
Bd7 28. Qf3 Qg6 29. Rxd6 Nf8 30. h3 e4 31. Qg3 Qf5 32. Rd5 Qe6 33. Rd6 Qe8 34.
Red1 f5 35. c5 a5 36. Bd4 g6 37. Qe5 1-0

[Event "DVM U10 2016"]
[Site "Magdeburg GER"]
[Date "2016.12.28"]
[Round "5"]
[White "Schickner, Jano"]
[Black "Rößl, Sara"]
[Result "0-1"]
[Termination "normal"]
[Board "20.2"]
[WhiteElo "982"]
[BlackElo "728"]
[WhiteTeam "SG Königskinder Hohentübingen"]
[BlackTeam "TuRa Harksheide Norderstedt"]
[PlyCount "78"]
[BlackFideId "16255828"]
[EventCountry "GER"]
[EventRounds "7"]
[EventType "team-swiss"]
[EventDate "2016.12.27"]

1. e4 e5 2. Nf3 Nc6 3. Bb5 Nf6 4. d3 Bc5 5. O-O O-O 6. Nbd2 Bb4 7. c3 Ba5 8.
Re1 Bb6 9. h3 d6 10. Nf1 Be6 11. Ng3 a6 12. Ba4 Ne7 13. Nh4 Bd7 14. Bc2 Qb8 15.
d4 Qa7 16. Be3 Nc6 17. d5 Ne7 18. Qf3 Bxe3 19. Rxe3 Rfe8 20. Rae1 Ng6 21. Nhf5
Bxf5 22. Nxf5 Qb6 23. b3 Qa5 24. a4 Qb6 25. c4 c6 26. Nxd6 Red8 27. Nf5 cxd5
28. cxd5 Rac8 29. R1e2 Nf4 30. Rd2 Qa5 31. Qd1 Rc5 32. Qb1 Qxd2 33. b4 Rxc2 34.
Qf1 Rdc8 35. Re1 Rc1 36. Ne7+ Kf8 37. Nxc8 Rxe1 38. Qxe1 Qxe1+ 39. Kh2 Qxf2 0-1

[Event "DVM U10 2016"]
[Site "Magdeburg GER"]
[Date "2016.12.28"]
[Round "5"]
[White "Duong, Nhat-Minh"]
[Black "Liang, Jiaxuan"]
[Result "0-1"]
[Termination "normal"]
[Board "20.3"]
[WhiteElo "847"]
[BlackElo "984"]
[WhiteTeam "TuRa Harksheide Norderstedt"]
[BlackTeam "SG Königskinder Hohentübingen"]
[PlyCount "76"]
[WhiteFideId "16245261"]
[BlackFideId "34675205"]
[EventCountry "GER"]
[EventRounds "7"]
[EventType "team-swiss"]
[EventDate "2016.12.27"]

1. e4 c5 2. Nf3 a6 3. Bc4 e6 4. Nc3 Nc6 5. O-O Nf6 6. e5 Ng4 7. Re1 Be7 8. h3
Nh6 9. d3 Nf5 10. Bf4 O-O 11. Qd2 Nh4 12. Nxh4 Bxh4 13. g3 Be7 14. Qe2 Bg5 15.
Be3 d5 16. Bb3 d4 17. Ne4 dxe3 18. Nxg5 exf2+ 19. Qxf2 Qxg5 20. a3 Nxe5 21. h4
h5 22. Rad1 Nf3+ 23. Kg2 Nxe1+ 24. Rxe1 b5 25. a4 Bb7+ 26. Kg1 Rfe8 27. c3 Kh7
28. Bd1 Qf5 29. Qe2 Qh3 30. Kf2 Qg2+ 31. Ke3 Qxe2+ 32. Kxe2 e5 33. Kd2 e4 34.
dxe4 Rxe4 35. Rxe4 Bxe4 36. Ke3 Bc6 37. axb5 axb5 38. Kd2 g5 0-1

[Event "DVM U10 2016"]
[Site "Magdeburg GER"]
[Date "2016.12.28"]
[Round "5"]
[White "Leyrer, Justus"]
[Black "Guo, Jacob Tingshen"]
[Result "0-1"]
[Termination "normal"]
[Board "20.4"]
[WhiteElo "855"]
[BlackElo "758"]
[WhiteTeam "SG Königskinder Hohentübingen"]
[BlackTeam "TuRa Harksheide Norderstedt"]
[PlyCount "94"]
[BlackFideId "16245245"]
[EventCountry "GER"]
[EventRounds "7"]
[EventType "team-swiss"]
[EventDate "2016.12.27"]

1. e4 e5 2. Nf3 Nc6 3. Bb5 Nf6 4. d3 d6 5. c3 a6 6. Ba4 Bg4 7. Bg5 Be7 8. O-O
b5 9. Bb3 O-O 10. Re1 b4 11. Ba4 Qd7 12. cxb4 Nd4 13. Bxd7 Nxf3+ 14. gxf3 Bxd7
15. Nd2 Rad8 16. Nf1 Rfe8 17. Ng3 d5 18. Nf5 Bxf5 19. exf5 Bxb4 20. Re2 Rd6 21.
Qf1 Nd7 22. Qg2 g6 23. Bh6 Kh8 24. f4 Rg8 25. fxe5 Rc6 26. Rf1 gxf5 27. Qxg8+
Kxg8 28. Kh1 Rxh6 29. a3 Bc5 30. Rfe1 f4 31. b4 Bd4 32. Rc1 f3 33. Rd2 Bxe5 34.
d4 Bf4 35. Rg1+ Kf8 36. Rgd1 Bxd2 37. Rxd2 Nf6 38. Kg1 Ne4 39. Rc2 Rg6+ 40. Kf1
Rg2 41. h3 Rh2 42. Kg1 Rxh3 43. Rxc7 Rh4 44. a4 Rg4+ 45. Kh1 Rg2 46. Rc8+ Kg7
47. Rc2 Nxf2+ 0-1

[Event "DVM U10 2016"]
[Site "Magdeburg GER"]
[Date "2016.12.28"]
[Round "5"]
[White "Jonas, Tim"]
[Black "Schulz, Rafael"]
[Result "1/2-1/2"]
[Termination "normal"]
[Board "21.1"]
[WhiteElo "1062"]
[BlackElo "1084"]
[WhiteTeam "SF Schwerin"]
[BlackTeam "USV TU Dresden"]
[PlyCount "78"]
[EventCountry "GER"]
[EventRounds "7"]
[EventType "team-swiss"]
[EventDate "2016.12.27"]

1. e4 e5 2. Nf3 Nc6 3. Bc4 Bc5 4. Nc3 Nf6 5. O-O d6 6. d3 h6 7. h3 Be6 8. Bxe6
fxe6 9. Qe1 d5 10. Be3 d4 11. Na4 dxe3 12. Nxc5 exf2+ 13. Rxf2 Qc8 14. c3 b6
15. Nb3 Qd7 16. Rd2 a5 17. d4 exd4 18. Nbxd4 Nxd4 19. cxd4 Qc6 20. d5 Qd6 21.
Rc2 Rc8 22. Rc6 Qd7 23. Rxe6+ Kf8 24. Ne5 Qb5 25. Ng6+ Kg8 26. Nxh8 Kxh8 27. b3
Re8 28. a4 Qd7 29. Rc1 Rxe6 30. dxe6 Qxe6 31. Rxc7 Qxb3 32. e5 Ne8 33. Rc6 Qxa4
34. Rxb6 Qd4+ 35. Qf2 Qxe5 36. Ra6 Qa1+ 37. Kh2 Qe5+ 38. g3 Nc7 39. Kg2 Qb5
1/2-1/2

[Event "DVM U10 2016"]
[Site "Magdeburg GER"]
[Date "2016.12.28"]
[Round "5"]
[White "Kempe, Caius Emilian"]
[Black "Quade, Luca"]
[Result "1-0"]
[Termination "normal"]
[Board "21.2"]
[WhiteElo "1095"]
[BlackElo "911"]
[WhiteTeam "USV TU Dresden"]
[BlackTeam "SF Schwerin"]
[PlyCount "93"]
[WhiteFideId "16246861"]
[EventCountry "GER"]
[EventRounds "7"]
[EventType "team-swiss"]
[EventDate "2016.12.27"]

1. c4 e5 2. Nc3 Nf6 3. g3 Nc6 4. d3 Bc5 5. Bg2 Ng4 6. e3 d6 7. Nf3 O-O 8. O-O
Be6 9. a3 d5 10. b4 Be7 11. cxd5 Bxd5 12. Nxd5 Qxd5 13. Nd2 Qe6 14. Bh3 Rad8
15. Bxg4 Qg6 16. Bh3 Rxd3 17. Qc2 Rfd8 18. Bb2 Bf6 19. Rad1 Bg5 20. Nf3 f6 21.
Qe2 e4 22. Nxg5 Qxg5 23. Bg2 Qd5 24. Rb1 Ne5 25. Bd4 Qc4 26. Rfc1 Rc3 27. Qxc4+
Rxc4 28. Rxc4 Nxc4 29. Ra1 Nd2 30. Ra2 Nf3+ 31. Bxf3 exf3 32. Ra1 b6 33. g4 Kf7
34. h3 g5 35. Kh2 Kg6 36. Kg3 Rc8 37. Rc1 f5 38. gxf5+ Kxf5 39. Kxf3 Rg8 40.
Kg3 g4 41. h4 Rc8 42. Rc6 h5 43. Rh6 c5 44. bxc5 bxc5 45. Rxh5+ Kg6 46. Rxc5
Rxc5 47. Bxc5 1-0

[Event "DVM U10 2016"]
[Site "Magdeburg GER"]
[Date "2016.12.28"]
[Round "5"]
[White "Krömer, Jakob"]
[Black "Eichner, Tim"]
[Result "0-1"]
[Termination "normal"]
[Board "21.3"]
[WhiteElo "600"]
[BlackElo "818"]
[WhiteTeam "SF Schwerin"]
[BlackTeam "USV TU Dresden"]
[PlyCount "62"]
[BlackFideId "34617213"]
[EventCountry "GER"]
[EventRounds "7"]
[EventType "team-swiss"]
[EventDate "2016.12.27"]

1. e4 e5 2. Nf3 Nc6 3. Bc4 Bc5 4. O-O Nf6 5. h3 O-O 6. Nc3 d6 7. Be2 Be6 8. d3
h6 9. a3 Qd7 10. Rb1 d5 11. b4 Bb6 12. Bb2 Rad8 13. Nxd5 Nxd5 14. exd5 Qxd5 15.
c4 Qd7 16. Bxe5 Nxe5 17. Nxe5 Qc8 18. c5 Bxc5 19. bxc5 Rd5 20. d4 Rfd8 21. Rb4
Rxe5 22. Qc2 Rg5 23. f4 Rgd5 24. Bf3 Rxd4 25. Rxd4 Rxd4 26. Bd1 Qd7 27. f5 Bc4
28. Be2 Bxe2 29. Qxe2 Rd2 30. Qe1 Qd5 31. Kh2 Qxg2# 0-1

[Event "DVM U10 2016"]
[Site "Magdeburg GER"]
[Date "2016.12.28"]
[Round "5"]
[White "Vecera, Fabio"]
[Black "Tran Minh, Hieu"]
[Result "1-0"]
[Termination "normal"]
[Board "22.1"]
[WhiteElo "966"]
[BlackElo "1170"]
[WhiteTeam "BSG Grün-Weiß Leipzig 2"]
[BlackTeam "SF Hettstedt"]
[PlyCount "120"]
[WhiteFideId "16281705"]
[BlackFideId "16244877"]
[EventCountry "GER"]
[EventRounds "7"]
[EventType "team-swiss"]
[EventDate "2016.12.27"]

1. e4 e5 2. Nf3 Nc6 3. Nc3 Bc5 4. Nxe5 Nxe5 5. d4 Bd6 6. dxe5 Bxe5 7. Bc4 Nf6
8. Be3 h6 9. Qd3 O-O 10. Qd2 Ng4 11. h3 Nxe3 12. Qxe3 d6 13. f4 Bxc3+ 14. Qxc3
Qh4+ 15. g3 Qe7 16. e5 dxe5 17. Qxe5 Qb4+ 18. Qc3 Re8+ 19. Kd2 Qb6 20. Raf1 Bf5
21. g4 Be4 22. Rhg1 Rad8+ 23. Kc1 Re7 24. Re1 Red7 25. b3 Qf2 26. Rgf1 Qd4 27.
Kb2 Qxc3+ 28. Kxc3 Bg6 29. h4 Kf8 30. f5 Bh7 31. g5 f6 32. g6 Bg8 33. Bxg8 Kxg8
34. a4 Rd6 35. Re7 R6d7 36. Rxd7 Rxd7 37. Re1 Kf8 38. b4 Rd5 39. Rf1 Re5 40.
Rf4 Ke7 41. Kd4 Kd6 42. c4 c5+ 43. Kc3 Re3+ 44. Kd2 Ra3 45. bxc5+ Kxc5 46. Re4
Rxa4 47. Re7 Rxc4 48. Rxg7 Rxh4 49. Rxb7 Rh2+ 50. Ke3 a5 51. g7 Rg2 52. Kf3 Rg5
53. Ke3 a4 54. Kd2 a3 55. Kc2 Rg2+ 56. Kd3 a2 57. Ra7 Kb4 58. Rxa2 Rxg7 59. Rc2
Rg3+ 60. Kd4 Kb3 {nicht mehr nachvollziehbar} 1-0

[Event "DVM U10 2016"]
[Site "Magdeburg GER"]
[Date "2016.12.28"]
[Round "5"]
[White "Seidel, Hans"]
[Black "Englert, Luca"]
[Result "0-1"]
[Termination "normal"]
[Board "22.2"]
[WhiteElo "871"]
[BlackElo "600"]
[WhiteTeam "SF Hettstedt"]
[BlackTeam "BSG Grün-Weiß Leipzig 2"]
[PlyCount "41"]
[BlackFideId "16293088"]
[EventCountry "GER"]
[EventRounds "7"]
[EventType "team-swiss"]
[EventDate "2016.12.27"]

1. e4 e5 2. Nf3 Nc6 3. Bc4 Nf6 4. Ng5 Qe7 5. Bxf7+ Kd8 6. Nc3 d6 7. d3 h6 8.
Bc4 hxg5 9. Bxg5 Qd7 10. O-O Be7 11. a3 Nd4 12. Nd5 Nxd5 13. Bxe7+ Nxe7 14. c3
Ndc6 15. h3 Qe8 16. Bb5 a6 17. Bxc6 Qxc6 18. Qf3 Be6 19. Qg3 Rg8 20. Qh4 Qd7
21. Qh7 {Schwarz machte unmöglichen Zug} 0-1

[Event "DVM U10 2016"]
[Site "Magdeburg GER"]
[Date "2016.12.28"]
[Round "5"]
[White "Widmann, Maximilian"]
[Black "Born, Constantin"]
[Result "0-1"]
[Termination "normal"]
[Board "22.3"]
[WhiteElo "785"]
[BlackElo "773"]
[WhiteTeam "BSG Grün-Weiß Leipzig 2"]
[BlackTeam "SF Hettstedt"]
[PlyCount "50"]
[WhiteFideId "16281691"]
[BlackFideId "16269438"]
[EventCountry "GER"]
[EventRounds "7"]
[EventType "team-swiss"]
[EventDate "2016.12.27"]

1. e4 e5 2. Nf3 Nc6 3. Nc3 Bb4 4. a3 Bxc3 5. bxc3 Nf6 6. c4 O-O 7. Bb2 d6 8. d4
exd4 9. Nxd4 Nxd4 10. Bxd4 Bg4 11. Be2 Bxe2 12. Qxe2 Re8 13. Qf3 Rxe4+ 14. Be3
Rxc4 15. Bg5 Qe8+ 16. Kd2 Nd7 17. Qg3 Nc5 18. Bf6 Ne4+ 19. Kd3 Nxg3 20. Rhe1
Qb5 21. hxg3 Rc5+ 22. Kd2 gxf6 23. Rab1 Qc4 24. Rec1 Re8 25. Rb2 Qe2# 0-1

[Event "DVM U10 2016"]
[Site "Magdeburg GER"]
[Date "2016.12.28"]
[Round "5"]
[White "Kocharin, Timur"]
[Black "Claussen, Alexander"]
[Result "1-0"]
[Termination "normal"]
[Board "23.1"]
[WhiteElo "1037"]
[BlackElo "809"]
[WhiteTeam "SK Bebenhausen"]
[BlackTeam "SF Essen-Werden"]
[PlyCount "61"]
[WhiteFideId "16240936"]
[BlackFideId "16248910"]
[EventCountry "GER"]
[EventRounds "7"]
[EventType "team-swiss"]
[EventDate "2016.12.27"]

1. e4 e6 2. d4 b6 3. Nf3 Bb7 4. Bd3 Nf6 5. e5 Nd5 6. c4 Bb4+ 7. Bd2 Bxd2+ 8.
Qxd2 Ne7 9. Qe2 d6 10. O-O c5 11. Be4 Bxe4 12. Qxe4 Nbc6 13. Nc3 O-O 14. Ng5 g6
15. Qh4 h5 16. g4 f6 17. Nxe6 g5 18. Qxh5 Qe8 19. Nxf8 Qxf8 20. f4 Qg7 21. exd6
Ng6 22. fxg5 Nxd4 23. gxf6 Qf7 24. Qd5 Rd8 25. Qxf7+ Kxf7 26. Ne4 Nf8 27. h4
Re8 28. Rae1 Nc2 29. Rc1 Ne3 30. Ng5+ Kg8 31. f7+ 1-0

[Event "DVM U10 2016"]
[Site "Magdeburg GER"]
[Date "2016.12.28"]
[Round "5"]
[White "Symanski, Linda"]
[Black "Weide, Julian"]
[Result "0-1"]
[Termination "normal"]
[Board "23.2"]
[WhiteElo "600"]
[BlackElo "984"]
[WhiteTeam "SF Essen-Werden"]
[BlackTeam "SK Bebenhausen"]
[PlyCount "56"]
[WhiteFideId "16284534"]
[BlackFideId "16275209"]
[EventCountry "GER"]
[EventRounds "7"]
[EventType "team-swiss"]
[EventDate "2016.12.27"]

1. d4 Nf6 2. e3 e6 3. c4 Bb4+ 4. Nc3 Nc6 5. d5 exd5 6. cxd5 Ne5 7. a3 Ba5 8. e4
Nxe4 9. b4 Nxc3 10. Qc2 Nxd5 11. Nf3 Nxf3+ 12. gxf3 Bb6 13. Bc4 c6 14. b5 Qe7+
15. Be3 Nxe3 16. fxe3 Qxe3+ 17. Qe2 Qxe2+ 18. Bxe2 cxb5 19. Bxb5 O-O 20. f4 a6
21. Ba4 Re8+ 22. Kf1 Re4 23. Re1 Rxe1+ 24. Kxe1 d5 25. f5 Bxf5 26. Rf1 Bh3 27.
Rf3 Bg4 28. Re3 Bxe3 0-1

[Event "DVM U10 2016"]
[Site "Magdeburg GER"]
[Date "2016.12.28"]
[Round "5"]
[White "Heller, Fabian Nicolas"]
[Black "Blume, Leo"]
[Result "0-1"]
[Termination "normal"]
[Board "23.3"]
[WhiteElo "756"]
[BlackElo "749"]
[WhiteTeam "SK Bebenhausen"]
[BlackTeam "SF Essen-Werden"]
[PlyCount "58"]
[EventCountry "GER"]
[EventRounds "7"]
[EventType "team-swiss"]
[EventDate "2016.12.27"]

1. c4 e5 2. Nc3 Nf6 3. g3 Bc5 4. Bg2 Nc6 5. Nf3 O-O 6. O-O d6 7. d3 Bd7 8. e3
Qc8 9. Re1 Bh3 10. Bh1 Re8 11. Ng5 Bg4 12. Qd2 h6 13. Nf3 Bh3 14. Qe2 Nb4 15.
Qd2 e4 16. a3 Nc6 17. Nh4 exd3 18. Qxd3 Ne5 19. Qc2 g5 20. Ng2 Nf3+ 21. Kf1
Nxe1 22. Kxe1 Qe6 23. Kf1 Qxc4+ 24. Kg1 d5 25. Bd2 d4 26. exd4 Bxd4 27. Rc1 Ng4
28. Nd1 Qe2 29. Nc3 Bxf2# 0-1

[Event "DVM U10 2016"]
[Site "Magdeburg GER"]
[Date "2016.12.28"]
[Round "5"]
[White "Ihle, Jonte"]
[Black "Gohel, Fabian Franz"]
[Result "1-0"]
[Termination "normal"]
[Board "24.1"]
[WhiteElo "1133"]
[BlackElo "882"]
[WhiteTeam "SG Niederkassel"]
[BlackTeam "SF Nordost Berlin 2"]
[PlyCount "69"]
[EventCountry "GER"]
[EventRounds "7"]
[EventType "team-swiss"]
[EventDate "2016.12.27"]

1. e4 c6 2. d4 d5 3. exd5 cxd5 4. Nc3 Nc6 5. Bf4 Bf5 6. a3 Nf6 7. Nf3 e6 8. Bd3
Bd6 9. Bxd6 Bxd3 10. Qxd3 Qxd6 11. O-O O-O 12. Rfe1 Rfe8 13. Ne5 a6 14. Rad1 b5
15. h3 Rac8 16. Qg3 h6 17. Re3 Qc7 18. Qh4 Nd7 19. Nxc6 Qxc6 20. Rg3 Nf6 21.
Qxf6 g6 22. Qh4 Kh7 23. Rdd3 Rg8 24. Rdf3 Rcf8 25. Qe7 Qe8 26. Qxe8 Rxe8 27.
Rxf7+ Rg7 28. Rxg7+ Kxg7 29. Rf3 e5 30. dxe5 Rxe5 31. Rd3 Re1+ 32. Kh2 Rc1 33.
Rd2 d4 34. Ne2 Rb1 35. b3 1-0

[Event "DVM U10 2016"]
[Site "Magdeburg GER"]
[Date "2016.12.28"]
[Round "5"]
[White "Möbis, Lucas"]
[Black "Hartmann, Simon"]
[Result "1/2-1/2"]
[Termination "normal"]
[Board "24.2"]
[WhiteElo "600"]
[BlackElo "792"]
[WhiteTeam "SF Nordost Berlin 2"]
[BlackTeam "SG Niederkassel"]
[PlyCount "41"]
[WhiteFideId "16255046"]
[EventCountry "GER"]
[EventRounds "7"]
[EventType "team-swiss"]
[EventDate "2016.12.27"]

1. e4 e5 2. f4 d5 3. d3 dxe4 4. dxe4 Qxd1+ 5. Kxd1 Bc5 6. Nf3 Nf6 7. Nc3 Be6 8.
b3 O-O 9. Ke2 Nc6 10. fxe5 Nd4+ 11. Nxd4 Bxd4 12. exf6 Bxc3 13. fxg7 Bxg7 14.
Rb1 Bg4+ 15. Kf2 Rfe8 16. Bd3 Rad8 17. Bg5 f6 18. Bf4 Be6 19. Bxc7 Rd7 20. Bf4
a6 21. Rhe1 1/2-1/2

[Event "DVM U10 2016"]
[Site "Magdeburg GER"]
[Date "2016.12.28"]
[Round "5"]
[White "Eschweiler, Mattes"]
[Black "Geiser, Lennard"]
[Result "1-0"]
[Termination "normal"]
[Board "24.3"]
[WhiteElo "889"]
[BlackElo "600"]
[WhiteTeam "SG Niederkassel"]
[BlackTeam "SF Nordost Berlin 2"]
[PlyCount "41"]
[EventCountry "GER"]
[EventRounds "7"]
[EventType "team-swiss"]
[EventDate "2016.12.27"]

1. d4 Nc6 2. Bf4 Nf6 3. Nc3 d5 4. e3 e6 5. Nb5 Bb4+ 6. c3 a6 7. Nxc7+ Ke7 8.
Nxa8 Bd7 9. a3 Bd6 10. Bxd6+ Kxd6 11. Bd3 Qxa8 12. c4 dxc4 13. Bxc4 e5 14. Nf3
exd4 15. exd4 Qe8+ 16. Qe2 Qxe2+ 17. Bxe2 Re8 18. Rd1 Nh5 19. Rd2 Nf4 20. d5
Bg4 21. dxc6+ {Es folgte ein ungültiger Zug} 1-0

[Event "DVM U10 2016"]
[Site "Magdeburg GER"]
[Date "2016.12.28"]
[Round "5"]
[White "Dörr, Georg"]
[Black "Eschweiler, Charlotte"]
[Result "1-0"]
[Termination "normal"]
[Board "24.4"]
[WhiteElo "600"]
[BlackElo "767"]
[WhiteTeam "SF Nordost Berlin 2"]
[BlackTeam "SG Niederkassel"]
[PlyCount "43"]
[EventCountry "GER"]
[EventRounds "7"]
[EventType "team-swiss"]
[EventDate "2016.12.27"]

1. e4 e5 2. d4 Bb4+ 3. Bd2 Bxd2+ 4. Qxd2 d6 5. dxe5 dxe5 6. Qxd8+ Kxd8 7. Nf3
Nc6 8. Bb5 Nb4 9. Kd2 Nf6 10. Nc3 Ng4 11. Rhf1 a6 12. h3 axb5 13. hxg4 Bxg4 14.
a3 Nc6 15. Rfd1 b4 16. axb4 Nxb4 17. Rxa8+ Bc8 18. Ke3+ Ke7 19. Nxe5 Na6 20.
Re1 c6 21. f3 Nc7 22. Raa1 1-0

[Event "DVM U10 2016"]
[Site "Magdeburg GER"]
[Date "2016.12.28"]
[Round "5"]
[White "Schilay, Vinzenz"]
[Black "Derling, Charlotte"]
[Result "1/2-1/2"]
[Termination "normal"]
[Board "25.1"]
[WhiteElo "918"]
[BlackElo "1081"]
[WhiteTeam "SK Neumarkt"]
[BlackTeam "SV Roter Turm Halle 2"]
[PlyCount "62"]
[WhiteFideId "12983209"]
[BlackFideId "16222237"]
[EventCountry "GER"]
[EventRounds "7"]
[EventType "team-swiss"]
[EventDate "2016.12.27"]

1. e4 c5 2. Nc3 d6 3. g3 Nc6 4. Bg2 Nf6 5. d3 g6 6. h3 Bg7 7. Be3 O-O 8. Qd2
Re8 9. O-O-O Be6 10. Nd5 Nxd5 11. exd5 Bd7 12. dxc6 Bxc6 13. Bxc6 bxc6 14. h4
Qb8 15. b3 a5 16. h5 a4 17. Kb1 axb3 18. cxb3 d5 19. hxg6 fxg6 20. f4 Rf8 21.
g4 e6 22. f5 exf5 23. Bh6 d4 24. Bxg7 Kxg7 25. Qh6+ Kf7 26. Qxh7+ Ke8 27. Re1+
Kd8 28. Qe7+ Kc8 29. Qxf8+ Kb7 30. Re7+ Kb6 31. Qxb8+ Rxb8 1/2-1/2

[Event "DVM U10 2016"]
[Site "Magdeburg GER"]
[Date "2016.12.28"]
[Round "5"]
[White "Wähler, Joris"]
[Black "Franke, Leonhard"]
[Result "0-1"]
[Termination "normal"]
[Board "25.2"]
[WhiteElo "890"]
[BlackElo "773"]
[WhiteTeam "SV Roter Turm Halle 2"]
[BlackTeam "SK Neumarkt"]
[PlyCount "48"]
[WhiteFideId "16299388"]
[BlackFideId "34644806"]
[EventCountry "GER"]
[EventRounds "7"]
[EventType "team-swiss"]
[EventDate "2016.12.27"]

1. e4 e5 2. Nf3 Nc6 3. Bc4 Nf6 4. Ng5 Qe7 5. Nxf7 Rg8 6. Ng5 Ng4 7. Qxg4 d6 8.
Qh5+ g6 9. Qxh7 Qxh7 10. Nxh7 Nb4 11. Na3 d5 12. exd5 Bf5 13. Nf6+ Kf7 14. Nxg8
Kxg8 15. d6+ Kh8 16. dxc7 Rc8 17. O-O Rxc7 18. Be2 Bxc2 19. Nc4 Bd3 20. Nxe5
Bxe2 21. Nxg6+ Kg7 22. Re1 Nc2 23. Rxe2 Nxa1 24. Nf4 Rxc1+ 0-1